[Event "Jastrzebskie Youth 2013"]
[Site "Ustron POL"]
[Date "2013.08.28"]
[Round "7.3"]
[White "Ginzburg,Mi"]
[Black "Kislinsky,A"]
[Result "0-1"]
[WhiteElo "2243"]
[BlackElo "2521"]

1.d4 g6 2.e4 Bg7 3.Nc3 d6 4.Be3 Nf6 5.f3 a6 6.Qd2 Nbd7 7.Bh6 Bxh6 8.Qxh6 c5
9.Nge2 Qa5 10.h4 b5 11.h5 Rg8 12.hxg6 hxg6 13.Qd2 Bb7 14.Nd1 Qc7 15.d5 Ne5
16.Ng3 e6 17.Ne3 exd5 18.exd5 O-O-O 19.O-O-O c4 20.Be2 Qc5 21.f4 Ned7 22.Bf3 Rde8
23.Rhe1 Kc7 24.Re2 Nb6 25.Kb1 c3 26.Qxc3 Qxc3 27.bxc3 Na4 28.Rd3 Nd7 29.Nd1 Rxe2
30.Nxe2 Rh8 31.Kc1 Ndb6 32.Ne3 Re8 33.Kd2 Nb2 34.Rd4 f5 35.Rb4 N2c4+ 36.Nxc4 Nxc4+
37.Kd3 Kb6 38.Kd4 Nd2 39.Nc1 a5 40.Rb2 Nc4 41.Rb3 a4 42.Rb4 Ne3 43.Kd3 Kc5
44.Rd4 Nf1  0-1

[Event "TCh-SRB 1st League w 2013"]
[Site "Kragujevac SRB"]
[Date "2013.08.29"]
[Round "6.6"]
[White "Gaponenko,I"]
[Black "Urosevic,Ma"]
[Result "1-0"]
[WhiteElo "2390"]
[BlackElo "2055"]

1.d4 g6 2.e4 Bg7 3.Nc3 d6 4.Be3 e6 5.Qd2 a6 6.h4 h5 7.O-O-O b5 8.f3 Nd7 9.Nh3 Ne7
10.Ng5 Bb7 11.d5 exd5 12.Nxd5 Nxd5 13.exd5 Nf6 14.c4 bxc4 15.Bxc4 a5 16.Bd4 O-O
17.g4 Bh6 18.Kb1 Bc8 19.Ne6 fxe6 20.Qxh6 e5 21.Bxe5 Qe8 22.Bc3 hxg4 23.h5 Bf5+
24.Ka1 Qf7 25.fxg4 Be4 26.g5 Qh7 27.hxg6 Qxh6 28.Rxh6 Kg7 29.Rh4 Bxg6 30.gxf6+ Kf7
31.Bd3  1-0

[Event "TCh-SRB 1st League 2013"]
[Site "Kragujevac SRB"]
[Date "2013.08.29"]
[Round "6.6"]
[White "Bogosavljevic,B"]
[Black "Popovic,Du"]
[Result "1/2-1/2"]
[WhiteElo "2552"]
[BlackElo "2568"]

1.d4 g6 2.e4 Bg7 3.Nc3 d6 4.Nf3 Nf6 5.h3 a6 6.a4 O-O 7.Be3 Nc6 8.Bd3 e5 9.dxe5 dxe5
10.O-O Qe7 11.Bg5 Be6 12.Nd5 Bxd5 13.exd5 Nd4 14.Nxd4 exd4 15.Qf3 Qd6 16.Bxf6 Bxf6
17.Rae1 Rfe8  1/2-1/2

[Event "TCh-SRB 1st League w 2013"]
[Site "Kragujevac SRB"]
[Date "2013.08.29"]
[Round "6.1"]
[White "Milanovic,Ma"]
[Black "Djukic,Sa"]
[Result "0-1"]
[WhiteElo "1953"]
[BlackElo "2189"]

1.e4 d6 2.d4 g6 3.Nc3 Bg7 4.f4 a6 5.Nf3 b5 6.a3 Bb7 7.Be2 Nd7 8.O-O Nb6 9.h3 Qd7
10.Be3 e6 11.f5 exf5 12.exf5 Nf6 13.fxg6 fxg6 14.Qc1 O-O 15.Bh6 Rae8 16.Bd3 Nh5
17.Kh2 Bxf3 18.Rxf3 Rxf3 19.gxf3 Bxd4 20.Qd2 Bg7 21.Rg1 Qf7 22.Be4 Re5 23.Bxg7 Kxg7
24.Qd4 Qf6 25.Rg4 Rc5 26.Qf2 Nc4 27.Bb7 Rf5 28.Be4 Rc5 29.Bb7 Rf5 30.Be4 Re5
31.Bb7 Ne3 32.Re4 Rxe4 33.Bxe4 Qf4+ 34.Kg1 Qg5+ 35.Kh2 d5 36.Bd3 c5 37.h4 Qe5+
38.Kg1 Nf4 39.Bf1 Nxf1 40.Kxf1 d4 41.Ne4 Ne6 42.Qd2 Qf5 43.Kg2 c4 44.Qb4 Nf4+
45.Kg3 Qh3+ 46.Kxf4 Qh2+ 47.Ng3 Qxh4+ 48.Ke5 Qxg3+ 49.Ke4 Qh4+ 50.f4 Qf6
51.Qc5 Qf5+ 52.Qxf5 gxf5+ 53.Kxd4 Kf6 54.b3 cxb3 55.cxb3 Ke6 56.a4 bxa4 57.bxa4 h5
58.Ke3 Kd5 59.Kd3 a5 60.Ke3 h4 61.Kf3 Kd4  0-1

[Event "78th ch-ESP 2013"]
[Site "Linares ESP"]
[Date "2013.08.29"]
[Round "1.18"]
[White "Vega Gutierrez,S"]
[Black "Perete Bernal,Francisco Eugenio"]
[Result "1-0"]
[WhiteElo "2402"]
[BlackElo "2006"]

1.e4 g6 2.d4 Bg7 3.Nc3 d6 4.Bg5 a6 5.Qd2 Nd7 6.a4 c5 7.d5 Qa5 8.Ra3 Ngf6
9.f3 h6 10.Be3 Ne5 11.Be2 Bd7 12.h3 g5 13.h4 gxh4 14.Nh3 Bxh3 15.Rxh3 Ng6
16.Kf2 Rb8 17.Rb3 h5 18.Kf1 Kd7 19.Qc1 Ne8 20.Bd2 Qc7 21.Ra3 Nf6 22.a5 Rbe8
23.Na4 e6 24.Nb6+ Ke7 25.dxe6 fxe6 26.Bg5 Kf7 27.Bc4 Nd7 28.f4 Kf8 29.Nxd7+ Qxd7
30.f5 exf5 31.exf5 Ne5 32.Bd5 Ng4 33.Rab3 Rb8 34.Be6 Qa4 35.f6 Bh6 36.Rxh4  1-0

[Event "21st Honor to National Resistance"]
[Site "Nikaia GRE"]
[Date "2013.08.29"]
[Round "4.19"]
[White "Gkikas,Vasilios"]
[Black "Ornithopoulos,N"]
[Result "1-0"]
[WhiteElo "1651"]
[BlackElo "1941"]

1.e4 g6 2.d4 Bg7 3.Nc3 d6 4.f4 a6 5.Nf3 b5 6.Bd3 Bb7 7.O-O Nf6 8.e5 Nd5 9.Nxd5 Bxd5
10.Qe2 e6 11.c3 c5 12.dxc5 dxc5 13.Be3 c4 14.Bc2 Nc6 15.a3 O-O 16.Rad1 Qe7
17.Qf2 Rfe8 18.Bc5 Qb7 19.Bd6 Bf8 20.Bxf8 Rxf8 21.Qe2 f5 22.exf6 Rxf6 23.Ne5 Raf8
24.Nxc6 Qxc6 25.g3 Qb6+ 26.Qf2 Qxf2+ 27.Rxf2 Kg7 28.Rfd2 R6f7 29.Re1 Rd8
30.Rxe6 Bxe6 31.Rxd8 Bg4 32.Kf2 Re7 33.Rd2 a5 34.Bd1 Bxd1 35.Rxd1 b4 36.cxb4 axb4
37.axb4 Rb7 38.Rc1 Rxb4 39.Rc2 g5 40.fxg5 Kg6 41.h4 Kf5 42.Kf3 Ke5 43.Ke3 Kd5
44.Rd2+ Ke5 45.Kf3 Kf5 46.Rd5+ Ke6 47.Rd4 Ke5 48.Rd2 Kf5 49.Kg2 Ke5 50.Kh3 Ke6
51.Re2+ Kd5 52.h5 Rb7 53.Kh4 Kd4 54.g6 hxg6 55.hxg6 Kd3 56.Rg2 Ke4 57.Kg5 Kf3
58.Rc2 Kxg3 59.Rxc4 Rxb2 60.g7 Kf3 61.Rf4+  1-0

[Event "21st Honor to National Resistance"]
[Site "Nikaia GRE"]
[Date "2013.08.29"]
[Round "4.2"]
[White "Kourkoulos Arditis,Stamatis"]
[Black "Haliamanis,G"]
[Result "1-0"]
[WhiteElo "2277"]
[BlackElo "2309"]

1.e4 g6 2.d4 Bg7 3.Nc3 d6 4.Be3 a6 5.Qd2 Nd7 6.f3 b5 7.h4 h5 8.Nh3 Bb7 9.O-O-O Rc8
10.Kb1 c5 11.dxc5 Nxc5 12.Bd4 Bxd4 13.Qxd4 Nf6 14.Ng5 Qc7 15.Rd2 Ncd7 16.Be2 Qc5
17.Qxc5 Rxc5 18.Nd1 d5 19.Nf2 dxe4 20.fxe4 O-O 21.Nd3 Rxg5 22.hxg5 Nxe4 23.Rdd1 Nxg5
24.Rhg1 Rc8 25.a4 bxa4 26.Nb4 Nc5 27.Nd5 Kf8 28.Nb6 Rb8 29.Nd7+ Nxd7 30.Rxd7 Ne4
31.Ka2 Ke8 32.Rd4 Nc5 33.Ka3 Bc6 34.Rc4 Bb5 35.Rb4 Nd7 36.c4 Bc6 37.Rxb8+ Nxb8
38.Bd1 Kd8 39.Bxa4 Be4 40.Kb4 Kc7 41.Kc5 h4 42.Kd4 Bb7 43.Be8 Nc6+ 44.Ke4 e6
45.Kf4 Nd4 46.Kg4 g5 47.Bxf7 Ne2 48.Re1 Nf4 49.Kxg5 Nxg2 50.Rxe6 h3 51.Rh6 Bc8
52.Be6 Bxe6 53.Rxe6 h2 54.Rh6 Ne1 55.Kg4 Nd3 56.Rxh2 Kc6 57.Kf5 Kc5 58.Ke4 Nb4
59.b3 Nc6 60.Kd3 Kb4 61.Rh6 Kc5 62.Kc3 a5 63.Rh5+  1-0

[Event "21st Honor to National Resistance"]
[Site "Nikaia GRE"]
[Date "2013.08.29"]
[Round "4.3"]
[White "Kapnisis,S"]
[Black "Korlotsidis,S"]
[Result "1-0"]
[WhiteElo "2463"]
[BlackElo "2018"]

1.e4 g6 2.d4 Bg7 3.Nc3 d6 4.f4 Nf6 5.Nf3 O-O 6.Bd3 c5 7.dxc5 dxc5 8.Qe2 Nc6
9.e5 Nd5 10.Nxd5 Qxd5 11.Be4 Qd8 12.Be3 Bg4 13.c3 Qc7 14.h3 Bc8 15.Qb5 Qb6
16.a4 Bd7 17.O-O-O Be8 18.Qxc5 Na5 19.Qxb6 axb6 20.Bc2 Nc4 21.Bf2 b5 22.Bc5 Bc6
23.b3 Na5 24.axb5 Bxb5 25.Nd4 Bc6 26.Bxe7 Rfc8 27.Rhg1 Bd5 28.Kb2 Ra6 29.g3 Rb6
30.Bb4 Nc6 31.Nxc6 bxc6 32.Bc5 Rb5 33.b4 Rxc5 34.bxc5 Rb8+ 35.Kc1 Bf8 36.Rxd5 cxd5
37.Rd1 Bxc5 38.Rxd5 Be3+ 39.Kd1 Rc8 40.Rd3 Bc5 41.Bb3 Rb8 42.Kc2 Rb7 43.g4 Kg7
44.f5 Bg1 45.h4 gxf5 46.gxf5 Bh2 47.Bd5 Ra7 48.f6+ Kh6 49.Re3 Ra5 50.c4 Ra2+
51.Kb3 Ra7 52.e6 Bd6 53.Re4 fxe6 54.Rxe6 Bc5 55.Rc6 Bf8 56.Rc8 Bd6 57.f7 Ra3+
58.Kb2  1-0

[Event "20th Graz Open 2013"]
[Site "Graz AUT"]
[Date "2013.08.30"]
[Round "7.8"]
[White "Kodric,Tilen"]
[Black "Pfaffel,T"]
[Result "0-1"]
[WhiteElo "1617"]
[BlackElo "2117"]

1.e4 g6 2.d4 Bg7 3.Nc3 d6 4.Bc4 Nd7 5.Nf3 Nb6 6.Bb3 e6 7.Bg5 f6 8.Be3 Bd7
9.h4 Qe7 10.a4 Nh6 11.a5 Nc8 12.a6 b6 13.Nh2 Nf7 14.Qd2 c6 15.O-O-O O-O 16.f4 d5
17.h5 Ncd6 18.hxg6 hxg6 19.e5 fxe5 20.fxe5 Nf5 21.Ng4 Nxe3 22.Nxe3 Qg5 23.Rh3 c5
24.Nexd5 Qxd2+ 25.Kxd2 exd5 26.Nxd5 Bxh3 27.Rh1 Bh6+ 28.Ke1 Bxg2 29.Ne7+ Kg7
30.Rg1 Be4 31.e6 Ng5  0-1

[Event "Nordeste IM 2013"]
[Site "Natal BRA"]
[Date "2013.08.30"]
[Round "3.4"]
[White "Rodi,L"]
[Black "Silveira Filho,N"]
[Result "1/2-1/2"]
[WhiteElo "2377"]
[BlackElo "2209"]

1.d4 g6 2.e4 Bg7 3.Nc3 d6 4.f4 Nc6 5.Be3 Nf6 6.Nf3 d5 7.e5 Ng4 8.Bg1 h5 9.Qd2 O-O
10.h3 Nh6 11.Bf2 f6 12.Bd3 Bf5 13.Bxf5 Nxf5 14.g4 hxg4 15.hxg4 Nh6 16.Qd3 fxe5
17.dxe5 Rxf4 18.O-O-O e6 19.Qxg6 Qe8 20.Qd3 Nb4 21.Qe2 Qg6 22.Bc5 Rxf3 23.Bxb4 Rf4
24.Bc5 Nxg4 25.Qb5  1/2-1/2

[Event "XXX Collado Villalba Open 2013"]
[Site "Collado Villalba ESP"]
[Date "2013.08.31"]
[Round "9.12"]
[White "Lorite Cruz,F"]
[Black "Calleja Sanchez,A"]
[Result "1-0"]
[WhiteElo "2016"]
[BlackElo "1898"]

1.e4 d6 2.d4 g6 3.Nc3 Bg7 4.Be3 Nf6 5.f3 c6 6.Qd2 Qa5 7.Nge2 Nbd7 8.Nc1 b5
9.Nd3 Nb6 10.b4 Qa6 11.Nc1 Nc4 12.Bxc4 bxc4 13.a4 Rb8 14.Rb1 Bd7 15.N1e2 O-O
16.O-O Rb7 17.d5 cxd5 18.b5 Qa5 19.exd5 e5 20.dxe6 Bxe6 21.Rfd1 Rd8 22.Bd4 d5
23.Nxd5 Qxa4 24.Nec3 Qa3 25.Bxf6 Rxd5 26.Nxd5 Rd7 27.Bxg7 Rxd5 28.Qc3  1-0

[Event "TCh-SRB 1st League w 2013"]
[Site "Kragujevac SRB"]
[Date "2013.08.31"]
[Round "8.5"]
[White "Drljevic,L"]
[Black "Rakic,Te"]
[Result "1-0"]
[WhiteElo "2187"]
[BlackElo "1877"]

1.e4 g6 2.d4 Bg7 3.Nc3 d6 4.Be3 a6 5.Qd2 b5 6.a4 b4 7.Nd1 a5 8.c3 Nf6 9.f3 bxc3
10.bxc3 O-O 11.Bd3 Nbd7 12.Ne2 c5 13.O-O Ba6 14.Nf2 Qc7 15.f4 Bxd3 16.Qxd3 Rfb8
17.Rfb1 Ne8 18.e5 c4 19.Qe4 e6 20.exd6 Nxd6 21.Qf3 Nb6 22.Ng3 Nd5 23.Nfe4 Nxe4
24.Nxe4 Rxb1+ 25.Rxb1 Rb8 26.Rf1 Rb3 27.Rc1 Bf8 28.Bd2 Ra3 29.g4 Rxa4 30.f5 Ra2
31.Rf1 Bh6 32.g5 Bxg5 33.Nxg5 Rxd2 34.Qh3 gxf5 35.Qh6 Ne3 36.Qxh7+ Kf8 37.Nxe6+ fxe6
38.Qxc7 Nxf1 39.Kxf1  1-0

[Event "78th ch-ESP 2013"]
[Site "Linares ESP"]
[Date "2013.08.31"]
[Round "3.29"]
[White "Gavilan Diaz,M"]
[Black "Perete Bernal,Francisco Eugenio"]
[Result "1-0"]
[WhiteElo "2225"]
[BlackElo "2006"]

1.e4 g6 2.d4 Bg7 3.Nc3 d6 4.f4 a6 5.Nf3 Nd7 6.Bd3 b5 7.e5 c5 8.Be4 Rb8 9.O-O cxd4
10.Nxd4 dxe5 11.Nc6 Qb6+ 12.Kh1 Ngf6 13.Nxb8 Nxe4 14.Nxd7 Ng3+ 15.hxg3 Bxd7
16.a4 h5 17.axb5 a5 18.Nd5 Qd8  1-0

[Event "21st Honor to National Resistance"]
[Site "Nikaia GRE"]
[Date "2013.08.31"]
[Round "6.10"]
[White "Zervos,Lazaros"]
[Black "Panagiotopoulos,V"]
[Result "1-0"]
[WhiteElo "1818"]
[BlackElo "2066"]

1.e4 g6 2.d4 Bg7 3.Nc3 d6 4.h3 Nf6 5.Be3 a6 6.a4 b6 7.g4 Bb7 8.Bg2 e6 9.Nge2 Nbd7
10.Qd2 h6 11.Ng3 h5 12.g5 Ng8 13.h4 Ne7 14.f4 Qc8 15.O-O f5 16.d5 e5 17.Rae1 O-O
18.exf5 Nxf5 19.Nxf5 gxf5 20.Bf3 Qe8 21.Qd1 Qe7 22.Bxh5 Kh7 23.Bf3 e4 24.Bg2 Bxc3
25.bxc3 Qf7 26.c4 Rh8 27.Bd4 Kg6 28.Rxe4 Rxh4 29.Re6+ Qxe6 30.dxe6 Bxg2 31.Kxg2 Rg4+
32.Kf3 Nf8 33.Rh1 Nxe6 34.Rh6+ Kf7 35.Rf6+ Ke7 36.Rxf5 Rh4 37.Rf6 Kd7 38.Rxe6 Rh3+
39.Kg2  1-0

[Event "21st Honor to National Resistance"]
[Site "Nikaia GRE"]
[Date "2013.08.31"]
[Round "6.14"]
[White "Sideris,T"]
[Black "Abatzis,A"]
[Result "1-0"]
[WhiteElo "2024"]
[BlackElo "1895"]

1.e4 g6 2.d4 Bg7 3.Nc3 d6 4.Be3 Nf6 5.Be2 Nbd7 6.f4 Nb6 7.h3 d5 8.e5 Ne4
9.Nxe4 dxe4 10.c4 f5 11.h4 e6 12.h5 c6 13.Qb3 Bd7 14.a4 Qc7 15.Bd2 O-O-O
16.a5 Na8 17.c5 Be8 18.Qxe6+ Kb8 19.Qc4 Bf7 20.Qb4 Qd7 21.a6 b5 22.Bc3 Nc7
23.Nh3 Nd5 24.Qa5 gxh5 25.g3 h4 26.gxh4 Qe7 27.O-O-O Bh6 28.Bxb5 Nxf4 29.Kb1 Qe6
30.Nxf4 Bxf4 31.d5 Rxd5 32.Bc4 Rxc5 33.Qxc5 Qxc4 34.Qd6+  1-0

[Event "Petersburg Summer Rapid 2013"]
[Site "St Petersburg RUS"]
[Date "2013.09.01"]
[Round "6.10"]
[White "Kashtanov,R"]
[Black "Khairullin,I"]
[Result "0-1"]
[WhiteElo "2322"]
[BlackElo "2651"]

1.e4 g6 2.d4 Bg7 3.Nc3 d6 4.f4 a6 5.Nf3 b5 6.Bd3 Nd7 7.a4 b4 8.Ne2 c5 9.c3 Bb7
10.O-O Ngf6 11.e5 Ne4 12.Bxe4 Bxe4 13.Ng5 Bf5 14.Ng3 h6 15.N5e4 Bxe4 16.Nxe4 O-O
17.Be3 bxc3 18.bxc3 cxd4 19.cxd4 Nb6 20.Qb3 d5 21.Ng3 e6 22.Rfb1 Nc4 23.Bc1 Qc7
24.Qc3 Rfb8 25.Ne2 h5 26.f5 exf5 27.Nf4 Qc6 28.Qf3 Rxb1 29.Rxb1 Rd8 30.h3 Qxa4
31.e6 Qe8 32.Qg3 fxe6 33.Nxg6 Bxd4+ 34.Kh1 Kf7 35.Nf4 Ke7 36.Ba3+ Nxa3 37.Qxa3+ Kf6
38.Qxa6 Be5 39.Nd3 Rb8 40.Re1 Bg3 41.Qa1+ e5 42.Re3 h4 43.Qa6+ Qe6 44.Qa1 d4
45.Re2 Qc4 46.Qd1 Qb3 47.Rc2 e4 48.Nc5 Qd5 49.Rc1 d3 50.Qh5 Bf4 51.Nxe4+ Qxe4
52.Rf1 Bg5 53.Qh7 d2  0-1

[Event "21st Honor to National Resistance"]
[Site "Nikaia GRE"]
[Date "2013.09.02"]
[Round "9.9"]
[White "Zervos,Lazaros"]
[Black "Haliamanis,G"]
[Result "1-0"]
[WhiteElo "1818"]
[BlackElo "2309"]

1.e4 g6 2.d4 Bg7 3.Nc3 d6 4.f4 a6 5.Nf3 b5 6.Bd3 Nd7 7.e5 c5 8.Be3 Bb7 9.Be4 Bxe4
10.Nxe4 cxd4 11.Bxd4 dxe5 12.fxe5 Nh6 13.e6 Nf6 14.Neg5 Qa5+ 15.c3 O-O 16.O-O Nf5
17.exf7+ Kh8 18.Ne6 Nxd4 19.Qxd4 Rfc8 20.Ne5 Qa4 21.c4 bxc4 22.b3 Qa5 23.bxc4 Nd7
24.Nxg6+  1-0

[Event "6th Sabadell Open"]
[Site "Sabadell ESP"]
[Date "2013.09.02"]
[Round "1.1"]
[White "Aryan,C"]
[Black "Movsziszian,K"]
[Result "0-1"]
[WhiteElo "2189"]
[BlackElo "2503"]

1.e4 g6 2.d4 Bg7 3.Nc3 d6 4.Be3 a6 5.Qd2 Nd7 6.O-O-O b5 7.Kb1 Bb7 8.f3 Rc8
9.h4 h6 10.g4 c5 11.Bg2 Nb6 12.b3 Qc7 13.Nce2 e6 14.dxc5 dxc5 15.Qd6 Ne7
16.Qxc7 Rxc7 17.Bf4 Rd7 18.Nh3 Nc6 19.Rxd7 Nxd7 20.Rd1 Nce5 21.Nf2 g5 22.Bxe5 Bxe5
23.hxg5 hxg5 24.Rh1 Rxh1+ 25.Bxh1 Ke7 26.c3 Kd6 27.Kc2 Nf8 28.Kd3 Ng6 29.Ke3 a5
30.Bg2 b4 31.c4 Ba6 32.Nd3 Bg7 33.Kf2 a4 34.Kg3 a3 35.Nec1 Bb2 36.Kf2 Ne5
37.Ke2 Ng6 38.Kf2 Ne5 39.Ke2 Nxd3 40.Nxd3 Bxc4  0-1

[Event "TCh-ROU w 2013"]
[Site "Mamaia ROU"]
[Date "2013.09.03"]
[Round "4.2"]
[White "Ionescu,I"]
[Black "Foisor,C"]
[Result "1-0"]
[WhiteElo "2229"]
[BlackElo "2391"]

1.e4 g6 2.d4 Bg7 3.Nc3 d6 4.f4 a6 5.a4 b6 6.Nf3 e6 7.Bd3 Ne7 8.O-O O-O 9.Be3 Nd7
10.Qe1 c5 11.Rd1 Qc7 12.Qh4 Re8 13.Kh1 Bb7 14.f5 exf5 15.Bh6 c4 16.Be2 f6
17.Nd2 fxe4 18.Bxg7 Kxg7 19.Ncxe4 Bxe4 20.Nxe4 Ng8 21.Qf4 Re6 22.Nc3 Rae8
23.Bf3 Nh6 24.Bd5 g5 25.Qf3 Re3 26.Qh5 Nf8 27.Rxf6 Re1+ 28.Rf1 Rxf1+ 29.Rxf1 Ng6
30.Qxg5 Qe7 31.Qxe7+ Rxe7 32.Bxc4 a5 33.Nd5 Re4 34.c3 Nh4 35.g3 Ng6 36.Nxb6 Ng4
37.Nd5 h5 38.Kg2 Ne7 39.Nf4 Ne3+ 40.Kf3 Nxc4 41.Nxh5+ Kh6 42.Kxe4 Nd2+ 43.Kd3 Nxf1
44.Nf6 Nxh2 45.Kc4 Nf1 46.Kb5 Nxg3 47.Kxa5 Kg6 48.Ne8 Ne4 49.Kb6 Kf7 50.Nc7 Nd2
51.b4 d5 52.a5 Ne4 53.Nb5 Ke6 54.Kc7 Nf6 55.a6 Ne8+ 56.Kb7  1-0

[Event "TCh-ROU 2013"]
[Site "Mamaia ROU"]
[Date "2013.09.03"]
[Round "4.3"]
[White "Thesing,M"]
[Black "Manolache,M"]
[Result "0-1"]
[WhiteElo "2383"]
[BlackElo "2503"]

1.e4 g6 2.d4 Bg7 3.Nc3 d6 4.Be3 a6 5.h4 Nf6 6.f3 h5 7.Qd2 Nc6 8.O-O-O b5
9.Nh3 Bxh3 10.Rxh3 e5 11.d5 Ne7 12.Rh1 Qc8 13.Kb1 Qb7 14.Be2 Rc8 15.a4 O-O
16.Bg5 bxa4 17.Nxa4 c6 18.c4 cxd5 19.cxd5 Qb3 20.Nc3 Rb8 21.Rc1 Rfc8 22.Bd1 Qb7
23.Ba4 Rc4 24.Rc2 Qb4 25.Bc6 Kf8 26.Na2 Qxd2 27.Bxd2 Rxc2 28.Kxc2 Rc8 29.Kb3 Nxc6
30.dxc6 Rxc6 31.Nb4 Rb6 32.Be3 Rb8 33.Ka4 Nd7 34.b3 Ra8 35.Rc1 Bf6 36.Rc6 Bxh4
37.Rxd6 Ke8 38.Nd5 Bd8 39.b4 h4 40.Rc6 Nf8 41.Nf6+ Bxf6 42.Rxf6 Ne6 43.f4 exf4
44.Bxf4 Rc8 45.Ka5 Rc2 46.Kxa6 Ra2+  0-1

[Event "12th Kesarovski Mem"]
[Site "Sunny Beach BUL"]
[Date "2013.09.03"]
[Round "4.6"]
[White "Dimitrov,R"]
[Black "Petrov,Marij"]
[Result "1-0"]
[WhiteElo "2437"]
[BlackElo "2489"]

1.e4 g6 2.Nc3 Bg7 3.d4 d6 4.f4 Nf6 5.Nf3 O-O 6.e5 Nfd7 7.h4 c5 8.h5 cxd4
9.hxg6 dxc3 10.gxf7+ Rxf7 11.Bc4 Nf8 12.Ng5 e6 13.Nxf7 Kxf7 14.Qh5+ Kg8 15.Bd3 h6
16.Rh3 Qb6 17.Be3 cxb2 18.Rb1 Qa5+ 19.Ke2 Qc7 20.Rg3 b6 21.exd6 Qf7 22.Qxh6 Nbd7
23.Bd4 e5 24.Rh1  1-0

[Event "12th Izmir Open"]
[Site "Izmir TUR"]
[Date "2013.09.04"]
[Round "9.13"]
[White "Akcan,U"]
[Black "Zysk,R"]
[Result "0-1"]
[WhiteElo "2082"]
[BlackElo "2423"]

1.e4 g6 2.d4 Bg7 3.Nc3 d6 4.Be2 a6 5.a4 Nd7 6.Nf3 b6 7.O-O e6 8.Bg5 Ne7 9.Re1 h6
10.Be3 Bb7 11.Nd2 O-O 12.Bf3 Kh7 13.Nc4 f5 14.exf5 Bxf3 15.Qxf3 Nxf5 16.Qh3 d5
17.Nd2 c5 18.Nf3 cxd4 19.Ng5+ Kg8 20.Nxe6 Qf6 21.Nxf8 Rxf8 22.Nxd5 Qf7 23.c4 dxe3
24.fxe3 Nf6 25.Qf3 Nxd5 26.Qxd5 Qxd5 27.cxd5 Re8 28.Rac1 Bxb2 29.Rc6 Bd4
30.exd4 Rxe1+ 31.Kf2 Ra1 32.Rxg6+ Kf7 33.Rxb6 Rxa4 34.g4 Nxd4 35.Rxh6 Nb5
36.Ke3 a5 37.Ra6 Nc3 38.d6 Nd5+ 39.Kd2 Rd4+ 40.Kc1 a4 41.g5 Ke6 42.g6 Rc4+
43.Kb2 Rh4 44.g7 Rxh2+ 45.Ka3 Rg2 46.Kxa4 Rxg7 47.Kb5 Rg1 48.Kc5 Rc1+ 49.Kd4 Rd1+
50.Kc5 Nf6 51.Ra2 Ne4+ 52.Kc4 Nxd6+ 53.Kc5 Ke5 54.Rc2 Ne4+ 55.Kc6 Rd6+ 56.Kb5 Kd4
57.Rc4+ Kd3 58.Rc8 Nc3+ 59.Kc5 Rd5+ 60.Kc6 Kd4 61.Rh8 Rc5+ 62.Kd6 Ne4+ 63.Kd7 Rg5
64.Rh1 Rg6 65.Ra1 Kd5 66.Rd1+ Ke5 67.Kc7 Nc3 68.Re1+ Kd5 69.Kd7 Ra6 70.Ke7 Ne4
71.Rd1+ Ke5 72.Kd7 Nf6+ 73.Kc7 Nd5+ 74.Kb7 Rb6+ 75.Ka7 Rb3 76.Rh1 Kd6 77.Rh6+ Kc5
78.Rh5 Rg3 79.Kb7 Rg7+ 80.Kc8 Rf7 81.Kb8 Kb6 82.Rh6+ Nf6 83.Rh8 Rb7+ 84.Kc8 Ra7  0-1

[Event "12th Izmir Open"]
[Site "Izmir TUR"]
[Date "2013.09.06"]
[Round "7.2"]
[White "Annaberdiev,M"]
[Black "Fier,A"]
[Result "1/2-1/2"]
[WhiteElo "2406"]
[BlackElo "2592"]

1.d4 d6 2.e4 g6 3.Nc3 Bg7 4.Nf3 a6 5.a4 b6 6.Bc4 e6 7.Bg5 Ne7 8.Qd2 h6 9.Be3 Bb7
10.d5 e5 11.O-O Nd7 12.Ne1 f5 13.exf5 Nxf5 14.Bd3 Nc5 15.Bxc5 bxc5 16.f4 O-O
17.fxe5 Bxe5 18.Bxf5 Bd4+ 19.Kh1 Rxf5 20.Rxf5 gxf5 21.Nf3 Bg7 22.Re1 Qf8
23.Nh4 Qf6 24.Qf4 Rf8 25.Nf3 Bc8 26.h3 Qf7 27.Nh4 Kh7 28.Qe3 Bd7 29.Qd3 Qf6
30.Nf3 Rb8 31.Nd1 a5 32.b3 Re8 33.Rxe8 Bxe8 34.Qd2 Bh5 35.Qxa5 Bxf3 36.gxf3 Qe5
37.Kg2 Qxd5 38.Nf2 Qf7 39.Qd2 c4 40.bxc4 Qxc4 41.Qd3 Qc5 42.Qb3 d5 43.Qd3 Kg6
44.Qe2 Kf7 45.Qd3 Kf6 46.Nd1 d4 47.Nf2 Kg6 48.Qe2 Kh7 49.Qd3 Bf6 50.Qb3 Kg7
51.Nd3 Qd6 52.Qb5 Qe6 53.Nf4 Qe3  1/2-1/2

[Event "12th Kesarovski Mem"]
[Site "Sunny Beach BUL"]
[Date "2013.09.06"]
[Round "7.4"]
[White "Zhou,Y"]
[Black "Trent,L"]
[Result "1/2-1/2"]
[WhiteElo "2481"]
[BlackElo "2429"]

1.e4 g6 2.d4 Bg7 3.Nc3 d6 4.Be3 a6 5.Qd2 b5 6.h4 h5 7.Nh3 Bxh3 8.gxh3 e6
9.Bg5 Ne7 10.O-O-O Nd7 11.Kb1 Nb6 12.Rg1 c6 13.Qf4 Qd7 14.Bf6 Bxf6 15.Qxf6 O-O-O
16.a4 bxa4 17.Bxa6+ Kb8 18.Rg5 d5 19.Qf3 Nec8 20.exd5 exd5 21.Re5 Qa7 22.Bxc8 Rxc8
23.b3 Rc7 24.Rde1 axb3 25.cxb3 Qa3 26.Kc2 Rb7 27.Rb1 Rc8 28.Qg3 Rbc7 29.Rb2 Qb4
30.Qd3 c5 31.Qb5 Rc6 32.Ra2 Qxb5 33.Nxb5 c4 34.b4 Rf6 35.Kc1 Re6 36.f4 c3
37.Ra3 Rc4 38.Kc2 Rxb4 39.Rb3 Rxb3 40.Kxb3 c2 41.Kxc2 Nc4 42.Rxe6 fxe6 43.Kd3 Kb7
44.Nc3 Nd6 45.Na4 Ne4 46.Ke3 Kc7 47.Kf3 Nd2+ 48.Ke2 Ne4 49.Kf3 Kd6 50.Nb2 Ke7
51.f5 exf5 52.Nd3 Nd2+ 53.Ke3 Nc4+ 54.Kf4 Kf6 55.Nb4 Nb6 56.Kg3 Ke6 57.Kf4 Kf6
58.Kg3 Ke6 59.Kf4 Nc8 60.Kg5 Ne7 61.Nd3 Kf7 62.Nf4 Nc6 63.Nxg6 Nxd4 64.Nf4 Ne6+
65.Kxf5 Nxf4 66.Kxf4 Ke6 67.Ke3 Kf5 68.Kd4 Ke6 69.Kd3 Ke5 70.Ke3 d4+ 71.Kd3 Kd5
72.Kd2 Kd6 73.Kd3 Kc5 74.Kd2 Kd5 75.Kd3 Ke5 76.Kd2 Ke4 77.Ke2 d3+ 78.Kd2 Kd4
79.Kd1 Kc5 80.Kd2 Kc4 81.Kd1 Kd5 82.Kd2 Ke4 83.Kd1 Ke3 84.Ke1 Kd4 85.Kd1 Ke3
86.Ke1 Kf3 87.Kd2 Ke4 88.Kd1 Kf4 89.Kd2 Kg3 90.Kxd3 Kxh4 91.Ke2 Kxh3 92.Kf2 Kh2
93.Kf1 h4 94.Kf2 Kh1 95.Kf1 h3 96.Kf2 h2 97.Kf1  1/2-1/2

[Event "Faergen Cup 2013"]
[Site "Allinge DEN"]
[Date "2013.09.07"]
[Round "1.15"]
[White "Nielsen,JeH"]
[Black "Brogaard,Lars"]
[Result "1-0"]
[WhiteElo "1847"]
[BlackElo "1567"]

1.Nc3 g6 2.d4 Bg7 3.e4 d6 4.f4 a6 5.Nf3 e6 6.Be3 Ne7 7.Qd2 b5 8.Bd3 h6 9.O-O Bb7
10.Rac1 Nd7 11.f5 g5 12.fxe6 fxe6 13.e5 Bxf3 14.Rxf3 dxe5 15.Be4 Nb6 16.Qd3 Qd6
17.dxe5 Qxd3 18.cxd3 O-O-O 19.Bxb6 cxb6 20.Rf7 Bf8 21.Rf6 Nd5 22.Nxd5+  1-0

[Event "FSIM Sept 2013"]
[Site "Budapest HUN"]
[Date "2013.09.07"]
[Round "1.5"]
[White "Rudakov,A"]
[Black "Moeldner,J"]
[Result "1-0"]
[WhiteElo "2209"]
[BlackElo "2273"]

1.e4 g6 2.d4 Bg7 3.Nc3 d6 4.f4 e6 5.Nf3 Ne7 6.Be3 O-O 7.Qd2 b6 8.O-O-O Bb7
9.g4 Nd7 10.h4 Nf6 11.h5 Nxg4 12.hxg6 hxg6 13.Bh3 Nxe3 14.Qxe3 d5 15.e5 Ba6
16.Bg4 Re8 17.Ng5  1-0

[Event "FSIM Sept 2013"]
[Site "Budapest HUN"]
[Date "2013.09.09"]
[Round "2.5"]
[White "Sean,W"]
[Black "Pribyl,Jo"]
[Result "0-1"]
[WhiteElo "2338"]
[BlackElo "2314"]

1.d4 g6 2.e4 Bg7 3.Nc3 d6 4.Be3 c6 5.h4 Nf6 6.f3 b5 7.Qd2 h5 8.Nh3 a6 9.Ng5 Qc7
10.O-O-O Nbd7 11.Kb1 Bb7 12.Bd3 e5 13.Ne2 c5 14.c3 O-O 15.g4 b4 16.dxc5 Nxc5
17.cxb4 Nxd3 18.Qxd3 hxg4 19.h5 Nxh5 20.fxg4 Nf6 21.Rh4 Rac8 22.Nc3 Qc4 23.Qc2 Rfd8
24.Rdh1 Qxb4 25.Qf2 Qc4 26.Ka1 Rd7 27.Qh2 Kf8 28.Nh7+ Ke8 29.Bh6 Nxe4 30.g5  0-1

[Event "Mohamed Slama Mem 2013"]
[Site "Monastir TUN"]
[Date "2013.09.13"]
[Round "7.2"]
[White "Miladinovic,I"]
[Black "Wolf,Wa"]
[Result "1-0"]
[WhiteElo "2572"]
[BlackElo "2226"]

1.d4 g6 2.e4 Bg7 3.Nc3 d6 4.Be3 Nd7 5.Qd2 e5 6.Nge2 Ne7 7.Bh6 O-O 8.h4 f5
9.Bxg7 Kxg7 10.h5 f4 11.hxg6 hxg6 12.O-O-O Rh8 13.Rxh8 Qxh8 14.Nb5 Nf6 15.dxe5 dxe5
16.Nxc7 Rb8 17.f3 Nc6 18.Nc3 Qg8 19.N3d5 Be6 20.Bc4 Rd8 21.Qc3 Nd4 22.Qb4 Bxd5
23.Nxd5 Qf7 24.Rxd4 exd4 25.Nxf4  1-0

[Event "TCh-CRO Ia Liga 2013"]
[Site "Bol CRO"]
[Date "2013.09.14"]
[Round "1.1"]
[White "Segovic,G"]
[Black "Muse,M"]
[Result "1-0"]
[WhiteElo "2191"]
[BlackElo "2434"]

1.e4 g6 2.d4 Bg7 3.Nc3 d6 4.f4 c6 5.Nf3 Bg4 6.Be3 Qb6 7.Qd2 Bxf3 8.gxf3 Nf6
9.O-O-O Qa5 10.Kb1 Nbd7 11.Rg1 Bh6 12.Bc4 b5 13.Bb3 Nb6 14.f5 Bxe3 15.Qxe3 Nc4
16.Qe2 d5 17.fxg6 hxg6 18.Rg5 Qc7 19.Bxc4 Rxh2 20.Qe3 dxc4 21.e5 Nh7 22.Rgg1 Nf8
23.d5 a6 24.d6 Qa7 25.Qe4 Qc5 26.dxe7 Ne6 27.Rxg6 Kxe7 28.Rxe6+ fxe6 29.Qf4 Qf2
30.Qf6+ Ke8 31.Qxe6+ Kf8 32.Qf6+ Kg8 33.Qg6+ Kf8 34.e6 Qxf3 35.Rg1 Rh1 36.Qg7+ Ke8
37.Qd7+  1-0

[Event "TCh-CRO Ia Liga 2013"]
[Site "Bol CRO"]
[Date "2013.09.14"]
[Round "2.5"]
[White "Krstic,U"]
[Black "Medak,B"]
[Result "0-1"]
[WhiteElo "2457"]
[BlackElo "2397"]

1.e4 d6 2.d4 g6 3.Nc3 Bg7 4.Be3 c6 5.Nf3 Nd7 6.h3 e5 7.dxe5 dxe5 8.Bc4 Ngf6
9.a4 Qe7 10.Nd2 Nc5 11.O-O O-O 12.Qf3 Ne6 13.Nb3 Nh5 14.Bxe6 Qxe6 15.a5 Qf6
16.Qxf6 Bxf6 17.Rfd1 Nf4 18.Na4 Ne6 19.Rd3 Rd8 20.Rad1 Kf8 21.Rxd8+ Bxd8
22.Nac5 Ke8 23.Nxe6 Bxe6 24.Nc5 Bc8 25.b4 b6 26.axb6 axb6 27.Nd3 f6 28.c3 Ra3
29.Rc1 Ba6 30.Ne1 Bc4 31.Nf3 Bd3 32.Nd2 f5 33.exf5 gxf5 34.f4 exf4 35.Bxf4 Bf6
36.c4 Ra4 37.b5 cxb5 38.Be3 bxc4 39.Bxb6 c3 40.Nf3 Be4 41.Ne1 Kd7 42.Be3 Ke6  0-1